000 00425pab a2200169 454500
008 180718b1995 xxu||||| |||| 00| 0 eng d
100 _aChakravarti, Nirmal Kumar
245 _aOrigin of untouchability in Hinduism.
260 _c1995
300 _ap.139-61
362 _aJun
650 _aHinduism - India
650 _aUntouchables - India
700 _aSubedi, Shubhasree
773 _aMan in India
909 _a28823
999 _c28823
_d28823